| 000 | 00550nam a2200241 a 4500 | ||
|---|---|---|---|
| 001 | nice12345678 | ||
| 003 | IN_TiNIC | ||
| 005 | 20260116011616.0 | ||
| 008 | 050524s1965 amsa grp 000 0 eng | ||
| 020 |
_a _c100 |
||
| 082 | 0 | 0 |
_a297.22 _bBAK |
| 100 | _aBakker, Dirk | ||
| 245 | _aMan in the Quran | ||
| 260 |
_aAmsterdam _bDrukkeri _c1965 |
||
| 300 | _a219p | ||
| 500 | _aincludes index and biblioraphy | ||
| 505 | 2 | _aIll | |
| 650 | _aQuranic Teachings | ||
| 700 | 1 | _aBakker, Dirk | |
| 902 | _bSRS | ||
| 942 | _cBK | ||
| 999 |
_c2870 _d2870 |
||